| 000 | 00827nam a2200205 i 4500 | ||
|---|---|---|---|
| 001 | 39197 | ||
| 003 | ES-MaACL | ||
| 005 | 20240221063025.0 | ||
| 008 | 030227s1918 sp |||| | spa d | ||
| 100 | 1 |
_aCambó, Francesc, _d1876-1947 _934032 |
|
| 245 | 1 | 0 | _aConferencia pronunciada por el Excmo. Sr. D. Francesc Cambó i Batlle sobre la política económica de España el día 12 de noviembre de 1918 en el Círculo de la Unión Mercantil. |
| 260 |
_aMadrid : _b[s.n.], _c1918 ( _fV. Rico) |
||
| 300 |
_a19 p. ; _c24 cm. |
||
| 490 | 1 | _aSociedad de Economía Nacional | |
| 651 | 4 |
_aEspaña- _xPolítica económica- _y1902-1931. _9158844 |
|
| 710 | 2 |
_aCírculo de la Unión Mercantil (Madrid) _9134324 |
|
| 830 | 0 |
_aSociedad de Economía Nacional _9229693 |
|
| 852 |
_aES-MaACL _j1524-F-3 |
||
| 999 |
_c39197 _d39197 |
||